The mineral composition of crops with particular reference to the soils in which they were grown : (Record no. 10101)
[ view plain ]
| 000 -LEADER | |
|---|---|
| fixed length control field | 01487cam a22003371a 4500 |
| 001 - CONTROL NUMBER | |
| control field | agr41000252 |
| 003 - CONTROL NUMBER IDENTIFIER | |
| control field | DLC |
| 005 - DATE AND TIME OF LATEST TRANSACTION | |
| control field | 20260227110959.0 |
| 008 - FIXED-LENGTH DATA ELEMENTS--GENERAL INFORMATION | |
| fixed length control field | 770811s1941 dcua bs f000 0 eng c |
| 010 ## - LIBRARY OF CONGRESS CONTROL NUMBER | |
| LC control number | agr41000252 |
| 035 ## - SYSTEM CONTROL NUMBER | |
| System control number | (OCoLC)3181036 |
| 040 ## - CATALOGING SOURCE | |
| Original cataloging agency | U. S. Dept. of agr. Library |
| Transcribing agency | OC |
| Modifying agency | DNAL |
| -- | DLC |
| 042 ## - AUTHENTICATION CODE | |
| Authentication code | premarc |
| 050 00 - LIBRARY OF CONGRESS CALL NUMBER | |
| Classification number | S587 |
| Item number | .B4 |
| 070 0# - NATIONAL AGRICULTURAL LIBRARY CALL NUMBER | |
| Classification number | 1 |
| Item number | Ag84M no.369 |
| 072 0# - SUBJECT CATEGORY CODE | |
| Subject category code | F600 |
| 082 ## - DEWEY DECIMAL CLASSIFICATION NUMBER | |
| Classification number | 630.6173 |
| 100 1# - MAIN ENTRY--PERSONAL NAME | |
| Personal name | Beeson, Kenneth Crees, |
| Dates associated with a name | 1903- |
| 245 14 - TITLE STATEMENT | |
| Title | The mineral composition of crops with particular reference to the soils in which they were grown : |
| Remainder of title | a review and compilation / |
| Statement of responsibility, etc. | by Kenneth C. Beeson. |
| 260 ## - PUBLICATION, DISTRIBUTION, ETC. | |
| Place of publication, distribution, etc. | Washington, D.C. : |
| Name of publisher, distributor, etc. | U.S. Dept. of Agriculture, |
| Date of publication, distribution, etc. | 1941. |
| 300 ## - PHYSICAL DESCRIPTION | |
| Extent | 164 p. : |
| Other physical details | ill. ; |
| Dimensions | 23 cm. |
| 490 1# - SERIES STATEMENT | |
| Series statement | Miscellaneous publication / United States Department of Agriculture ; |
| Volume/sequential designation | no. 369 |
| 500 ## - GENERAL NOTE | |
| General note | Cover title. |
| 500 ## - GENERAL NOTE | |
| General note | Contribution from Bureau of Plant Industry. |
| 500 ## - GENERAL NOTE | |
| General note | "The work represented by this publication was supported by the Bankhead-Jones research fund. It was initiated in the Bureau of chemistry and soils (now the Bureau of agricultural chemistry and engineering) and was later transferred to the Bureau of plant industry."--P. 1. |
| 504 ## - BIBLIOGRAPHY, ETC. NOTE | |
| Bibliography, etc. note | Bibliography: p. 59-90. |
| 504 ## - BIBLIOGRAPHY, ETC. NOTE | |
| Bibliography, etc. note | "Sources of unpublished material": p. 91. |
| 650 #0 - SUBJECT ADDED ENTRY--TOPICAL TERM | |
| Topical term or geographic name entry element | Plants |
| General subdivision | Analysis. |
| 650 #0 - SUBJECT ADDED ENTRY--TOPICAL TERM | |
| Topical term or geographic name entry element | Plants |
| General subdivision | Composition. |
| 830 #0 - SERIES ADDED ENTRY--UNIFORM TITLE | |
| Uniform title | Miscellaneous publication (United States. Department of Agriculture) ; |
| Volume/sequential designation | no. 369. |
No items available.